Daňové náklady a daňové výnosy až pozaplatení - rok 2002

Zisťovanie základu dane z oficiálneho účtovníctva. V sústave podvojného účtovníctva sa spravidla voipred zaúčtuje náklady voči vzniku záväzku a následné zaplatenie sa zaúčtuje ako zánik záväzku voči úbytku peňazí. Daňové náklady po zaplatení do 31. januára 2003. Ďalšie daňové náklady po zaplatení do...

ver descrição completa

Na minha lista:
Detalhes bibliográficos
Autor principal: Pastierik, Vladimír
Formato: Capítulo de Livro
Idioma:eslovaco
Assuntos:
Tags: Adicionar Tag
Sem tags, seja o primeiro a adicionar uma tag!

MARC

LEADER 00000naa a2200000 4500
001 r048135
005 20230720081517.4
041 0 |a slo 
044 |a SK 
245 1 0 |a Daňové náklady a daňové výnosy až pozaplatení - rok 2002  |c Vladimír Pastierik 
520 |a Zisťovanie základu dane z oficiálneho účtovníctva. V sústave podvojného účtovníctva sa spravidla voipred zaúčtuje náklady voči vzniku záväzku a následné zaplatenie sa zaúčtuje ako zánik záväzku voči úbytku peňazí. Daňové náklady po zaplatení do 31. januára 2003. Ďalšie daňové náklady po zaplatení do 31. decembra 2002. Daňové výnosy po prijatí platby do 31. decembra 2002. Forma zaplatenia. Dodatočné daňové priznanie sa nepodáva. Príloha: Iné obchodné služby (kód Klasifikácie produkcie 74.1). 
610 2 0 |a náklady daňové 
610 2 0 |a výnosy daňové 
610 2 0 |a základ dane 
610 2 0 |a účtovníctvo podvojné 
610 2 0 |a klasifikácia 
610 2 0 |a služby obchodné 
100 1 |a Pastierik, Vladimír